Bienvenue à la Médiathèque de Saint-Andiol
banniere
Accueil Recherche avancée Mon compte
handi1 Rechercher dans le catalogue

Filtre   Mots-clés
  Recherche avancée
 
Lister les dernières nouveautés
 
Lister les livres GROS CARACTERES
 
Lister les périodiques (magazines)

handi1 Hermès conditionné

Book Cover
Auteur principal : Christophe Cazenove
Autres auteurs : Philippe Larbier
Titre : Hermès conditionné
Support : Livres
Langue : Francais
Publié : DL 2021 Bamboo édition Charnay-lès-Mâcon
Series : Les petits Mythos
Genre : Bande Dessinée (enfants)
Collection : Les petits Mythos
Sujets :
Étiquettes :
Pas de tags
LEADER 01541nam0a2200241 450
001 16868333
010 |a 978-2-8189-7716-3  |b rel.  |d 11,9 € 
100 |a 20260529d2026 u u0frey01 ba 
101 0 |a fre 
102 |a FR 
200 0 |a Hermès conditionné  |f scénario, Cazenove  |g dessins, Larbier - couleurs, Alexandre Amouriq & Mirabelle 
207 1 |a   
210 |a Charnay-lès-Mâcon  |c Bamboo édition  |d DL 2021 
215 |a 1 vol. (46 p.-[8] p. de pl.)  |c ill. en coul.  |d 30 cm 
225 1 |a Les petits Mythos  |v 12 
300 |a En appendice, dossier 'La mythologie racontée par les petits mythos' 
330 |a Le pauvre Hermès ne s'en sort plus... En plus d'être le messager personnel de Zeus, il doit s'occuper des carrefours, des voyageurs, des voleurs, du commerce... et devinez qui doit conduire les morts aux Enfers ? Hermès, bien sûr ! Bref, même si ses sandales ailées lui permettent de courir plus vite qu'un éternuement de foudre, il aurait bien besoin d'un coup de main de nos Petits Mythos. Le hic, c'est que ceux-ci sont déjà bien occupés à libérer Io, leur copine changée en vache et surveillée par le terrible Argos, le gardien aux 100 yeux ! Qui a dit que Petit Mythos était un métier de tout repos ? 
461 0 |t Les petits Mythos  |v 12 
700 0 |a Cazenove  |b Christophe  |c scénariste BD  |f 1969-....  |4 70 
701 0 |a Larbier  |b Philippe  |f 1965-....  |4 70 
900 |a Bande Dessinée (enfants) 
901 |a Jeunesse 
995 |a Médiathèque  |c Médiathèque  |f 089021891  |h 089021891  |k BD PET  |o p  |q j  |r az  |e Médiathèque